スキルからでんこを当てる(オリジナルのみ) - Statistics

General Stats
  • This quiz has been taken 24 times
  • The average score is 12 of 15
Answer Stats
ヒント Answer % Correct
スキルなし さや、もぼ
96%
編成内のでんこのクールタイムを0にすることがある うらら
96%
一定時間後に、アクセスしたことのある駅のどこかにアクセス シャルロッテ
91%
一定時間ATK増加、相手がうららの場合はダメージを与えず回復させる ほこね
91%
一定時間、編成内のでんこの受けるダメージの一部を肩代わりすることがある ミオ
91%
約1時間に1回、編成内の全てのでんこのHPを回復 もえ
87%
一定時間、HPが30%以下になったみことを回復し、カウンターする くに
87%
一定時間、編成内の全てのでんこのATKが増加 レイカ
83%
一定時間、[答えのでんこ]自身がレーダーを使う時最大検知数が増加 なつめ
83%
一定時間、編成内にHPが30%以下のでんこがいる時、HPを回復することがある セリア
78%
ダメージを受けてもHP1で耐えることがある いちほ
78%
編成内のディフェンダーのATKが増加することがある みこと
74%
その日の移動距離に応じてATKが増加(~100km)、100kmを超えた場合移動距離に応じて追加でATKが増加(~360km) さいか
74%
一定時間、アクセス時に相手のスキルを一部無効化 レン
61%
一定時間、相手のHPより自身のHPが高い程DEFが増加 メイ
61%
No matching quizzes found
Score Distribution
Percent of People with Each Score
Percentile by Number Answered
Your Score History
You have not taken this quiz